Quiz o ziemniakach - Statystyki

Ogólne statystyki
  • Ten quiz został rozwiązany 55 razy
  • Średni wynik to 4 z 10
Statystyki odpowiedzi
Zagadnienie Odpowiedź % Poprawnych
z jakiego kontynentu pochodzi ziemniak ameryka południowa
87%
jak się mówi na ziemniaka w gwarze poznańskiej pyra
80%
jaki kraj produkuje najwięcej ziemniaków rocznie chiny
67%
za sprawą jakiego państwa przybyły one do europy hiszpania
60%
jak jest ziemniak po hiszpańsku papa
47%
ile właśnie produkuje jeden z tych krajów ziemniaków na 1 osobę ok 500000kg
40%
Jaki kraj spożywa najwięcej ziemniaków na 1 osobę białoruś
33%
ile kcal ma 100g surowych ziemniaków 80
20%
ile około jest odmian ziemniaka w Polsce ok 110
13%
jakie 2 kraje produkują najwięcej ziemniaków na osobę ukraina i białoruś
0%
Nie znaleziono quizów pasujących do podanych kryteriów
Rozkład punktacji
Procent ludzi z każdym wynikiem
Percentyl według liczby udzielonych odpowiedzi
Twoja historia wyników
Nie rozwiązałeś tego quizu